| 000 | 00000nam##2200000za#4500 |
| 001 | 9.700086 |
| 003 | CaOODSP |
| 005 | 20210929082801 |
| 007 | cr ||||||||||| |
| 008 | 150407|1994||||xxc|||||o f|0| 0 eng|d |
| 040 | |aCaOODSP|beng |
| 043 | |an-cn--- |
| 086 | 1 |aFo64-23/1994E-PDF |
| 110 | 1 |aCanada. |bNatural Resources Canada. |bCanadian Forest Service. |
| 245 | 10|aInsects of eastern spruces, fir and hemlock / |h[electronic resource]|cA.H. Rose and O.H. Lindquist, revised by P. Syme. Published by the Science and Sustainable Development Directorate. |
| 260 | |aOttawa - Ontario : |bNatural Resources Canada. |cRevised 1994. |
| 300 | |a162p.|bcoloured figs., photographs, index |
| 500 | |a"This handbook deals with insects feeding on spruces, balsam fir, and hemlock in Canada from the Rockies to the Atlantic. Seventy-five species or species groups causing damage or which are commonly found on these trees are covered."--Page 5 of 162. Catalogue number (Fo64-23/1994E) and ISBN (0-660-15112-X) of the print edition have been copied in the PDF edition. |
| 590 | |a14-20-Supp|b2014-11-25 |
| 690 | 07|aInsects|2gcpds |
| 720 | 1 |aRose, A. H. |
| 720 | 1 |aLindquist, O. H. |
| 720 | 1 |aSyme, P. |
| 775 | 08|tInsectes des épinettes, du sapin et de la pruche de l'est du Canada / |w(CaOODSP)9.643997 |
| 776 | 0#|tInsects of eastern spruces, fir and hemlock / |w(CaOODSP)9.644742 |
| 856 | 40|ahttp://publications.gc.ca|qPDF|s36,587 KB|uhttps://publications.gc.ca/collections/collection_2014/rncan-nrcan/Fo64-23-1994-eng.pdf |